Central Library OPAC University of Rajshahi

Hard times / (Record no. 63770)

MARC details
000 -LEADER
fixed length control field 00729nam a2200253 a 4500
001 - CONTROL NUMBER
control field 63770
003 - CONTROL NUMBER IDENTIFIER
rucl marc code BD-RjUL
005 - DATE AND TIME OF LATEST TRANSACTION
control field 20211209081230.0
008 - FIXED-LENGTH DATA ELEMENTS--GENERAL INFORMATION
fixed length control field 170204s1985 enk 000 0 eng d
020 ## - INTERNATIONAL STANDARD BOOK NUMBER
International Standard Book Number 0333390024
035 ## - SYSTEM CONTROL NUMBER
System control number (BD-RjUL) 63900
040 ## - CATALOGING SOURCE
Original cataloging agency BD-RjUL
Language of cataloging eng
Transcribing agency BD-RjUL
041 ## - LANGUAGE CODE
Language code of text/sound track or separate title eng
082 ## - DEWEY DECIMAL CLASSIFICATION NUMBER
Classification number 823
Edition number 23
Author mark and year DIM 1985
100 1# - MAIN ENTRY--PERSONAL NAME
Personal name Dickens, Charles,
Dates associated with a name 1812-1870.
9 (RLIN) 189296
245 10 - TITLE STATEMENT
Title Hard times /
Statement of responsibility, etc. Charles Dickens
260 ## - PUBLICATION, DISTRIBUTION, ETC. (IMPRINT)
Place of publication, distribution, etc. London :
Name of publisher, distributor, etc. Macmillan,
Date of publication, distribution, etc. c1985 [Reprinted 1994]
300 ## - PHYSICAL DESCRIPTION
Pagination viii, 82 p. ;
Size 19 cm.
490 1# - SERIES STATEMENT
Series statement MacMillan Master Guides
650 ## - SUBJECT ADDED ENTRY--TOPICAL TERM
Topical term or geographic name as entry element English fiction.
9 (RLIN) 185796
700 1# - ADDED ENTRY--PERSONAL NAME
Personal name Page, Norman
Fuller form of name Norman Page
830 #0 - SERIES ADDED ENTRY--UNIFORM TITLE
Uniform title MacMillan Master Guides
942 ## - ADDED ENTRY ELEMENTS (KOHA)
Source of classification or shelving scheme Dewey Decimal Classification
Koha item type Books
Holdings
Lost status Source of classification or shelving scheme Damaged status Not for loan Collection code Permanent Location Current Location Shelving location Date acquired Source of acquisition Cost, normal purchase price Total Checkouts Full call number Date last seen Copy number Koha item type
  Dewey Decimal Classification   Not For Loan Fiction Central Library, University of Rajshahi Central Library, University of Rajshahi Reading Room 10/12/1996 Bechilra,Lib.Dhaka 194.00   823 DIM 1985 04/02/2017 C-1 Books